Marruecos: autonomía de la región del Sahara

Guardat en:
Dades bibliogràfiques
Format: Llibre
Idioma:espanyol
Publicat: Coquimbo Centro Mohammed VI 2009
Matèries:
Etiquetes: Afegir etiqueta
Sense etiquetes, Sigues el primer a etiquetar aquest registre!

MARC

LEADER 00000cam a2200000 a 4500
001 UCF2361
003 CL-VaPUC
008 120817e20090000CL |||||||||||||||||spa|d
020 |a 9789568888015 
082 0 4 |a 320  |b MAR  |2 21 
245 1 0 |a Marruecos: autonomía de la región del Sahara 
300 |a 60 p 
942 |c BK 
945 |d 20120817 00:00:00  |a dcastane 
260 |a Coquimbo  |b Centro Mohammed VI  |c 2009 
650 0 |a Ciencia política  |9 324218 
583 |a last modification  |c 20120817 11:35:00  |k Rodrigo Vera 
999 |c 348926  |d 348924 
952 |0 0  |1 0  |4 0  |6 320_000000000000000_MAR_2009  |7 0  |8 C  |9 451241  |a BIBCUR  |b BIBCUR  |d 2019-11-22  |i 4892518  |o 320 MAR 2009  |p 4892518  |r 2025-04-22  |w 2019-11-22  |y BK  |k CAC 
952 |0 0  |1 0  |4 0  |6 320_000000000000000_MAR_2009  |7 0  |8 A  |9 451242  |a BIBING  |b BIBING  |d 2019-11-22  |i 4891678  |o 320 MAR 2009  |p 4891678  |r 2025-01-20  |w 2019-11-22  |y BK  |k CUI 
952 |0 0  |1 0  |4 0  |6 320_000000000000000_MAR_2009  |7 0  |8 A  |9 451243  |a BIBEDU  |b BIBEDU  |d 2019-11-22  |i 4892097  |o 320 MAR 2009  |p 4892097  |r 2019-11-22  |w 2019-11-22  |y BK  |k CUE